Top 10 smallest countries in terms of area - Sudden Death - - Statistics

General Stats
  • This quiz has been taken 56 times
  • The average score is 4 of 10
Answers on the Grid
Answers color-coded by a green-red scale on the quiz's grid according to % correct below.
Andorra
Antigua and Barbuda
Bahrain
Barbados
Cape Verde
Comoros
Dominica
Grenada
Kiribati
Liechtenstein
Luxembourg
Maldives
Malta
Marshall Islands
Mauritius
Micronesia
Monaco
Nauru
Palau
Saint Kitts and Nevis
Saint Lucia
Saint Vincent and the Grenadines
San Marino
Sao Tome and Principe
Seychelles
Singapore
Tonga
Trinidad and Tobago
Tuvalu
Vatican City
 
Answer Stats
Answer % Correct
Vatican City
88%
Monaco
58%
San Marino
50%
Liechtenstein
46%
Nauru
46%
Malta
33%
Tuvalu
33%
Marshall Islands
13%
Maldives
8%
Saint Kitts and Nevis
8%
No matching quizzes found
Score Distribution
Percent of People with Each Score
Percentile by Number Answered
Your Score History
You have not taken this quiz